[Event "FIDE World Uni Rapid-F 1st"]
[Site "Tornelo INT"]
[Date "2021.03.20"]
[Round "4"]
[White "Moreno Herrera, Rodrigo"]
[Black "Gawande, Sumeet"]
[Result "0-1"]
[WhiteElo "1633"]
[BlackElo "1360"]
[PlyCount "116"]
[EventDate "2021.03.20"]
[EventType "swiss (rapid)"]
[EventRounds "12"]
[EventCountry "NET"]
[SourceTitle "EXT 2022"]
[Source "ChessBase"]
[SourceDate "2021.10.06"]
[SourceVersion "1"]
[SourceVersionDate "2021.10.06"]
[SourceQuality "1"]

1. e4 e5 2. Nf3 Nc6 3. Bb5 a6 4. Ba4 Nf6 5. Qe2 b5 6. Bb3 Bc5 7. c3 0-0 8. 0-0 d6 9. h3 h6 10. Rd1 Bb7 11. d4 exd4 12. cxd4 Bb6 13. Nc3 Re8 14. e5 dxe5 15. dxe5 Qc8 16. Bf4 Qf5 17. Bh2 Na5 18. Bc2 Qe6 19. Nd4 Bxd4 20. Rxd4 c5 21. Rd6 Qxd6 22. exd6 Rxe2 23. Nxe2 Re8 24. Ng3 Nc4 25. Nf5 Nxb2 26. Rb1 Nc4 27. a4 Na3 28. Ne7+ Kh8 29. Rb2 Nxc2 30. Rxc2 c4 31. axb5 axb5 32. Be5 Nd5 33. d7 Rd8 34. Nxd5 Bxd5 35. Rb2 Bc6 36. f4 Rxd7 37. Kf2 Rb7 38. Bc3 Kh7 39. Ke3 Kg6 40. Kd4 Kf5 41. Kc5 Bd7 42. Bxg7 h5 43. Be5 h4 44. Rd2 Be8 45. Rd6 Rd7 46. Rf6+ Ke4 47. Kxb5 Kd3 48. Kb4 c3 49. f5 c2 50. Bf4 Rd4+ 51. Kb3 Rxf4 52. Rd6+ Rd4 53. Rxd4+ Kxd4 54. Kxc2 Ke5 55. Kd3 Kxf5 56. Ke3 Kg5 57. Kf2 Bc6 58. g3 f5 0-1

[Event "FIDE World Uni Blitz-A 1st"]
[Site "Tornelo INT"]
[Date "2021.03.13"]
[Round "4.60"]
[White "Gawande, Sumeet"]
[Black "Brison, Lucas"]
[Result "0-1"]
[WhiteElo "1360"]
[BlackElo "1906"]
[PlyCount "112"]
[EventDate "2021.03.13"]
[EventType "swiss (blitz)"]
[EventRounds "10"]
[EventCountry "NET"]
[SourceTitle "EXT 2022"]
[Source "ChessBase"]
[SourceDate "2021.10.06"]
[SourceVersion "1"]
[SourceVersionDate "2021.10.06"]
[SourceQuality "1"]

1. b3 c5 2. Bb2 Nc6 3. e3 b6 4. Nf3 Bb7 5. d4 d6 6. d5 Nb4 7. c4 Nf6 8. a3 Na6 9. Nbd2 g6 10. Bd3 Bg7 11. Rb1 0-0 12. Ba1 Nc7 13. Rc1 e6 14. e4 exd5 15. cxd5 Re8 16. 0-0 Nd7 17. Bb5 Bxa1 18. Bxd7 a6 19. Bxe8 Bb2 20. Bxf7+ Kxf7 21. Ng5+ Qxg5 22. Nc4 Bxc1 23. Nxd6+ Kg7 24. Nxb7 Bxa3 25. d6 Ne6 26. d7 Nd8 27. Nxd8 Rxd8 28. Qa1+ Qf6 29. Qxa3 b5 30. Qxc5 Rxd7 31. e5 Qe6 32. b4 Rd5 33. Qa7+ Kh6 34. Qe3+ g5 35. h4 Qxe5 36. hxg5+ Qxg5 37. Qh3+ Kg7 38. Qc3+ Qe5 39. Qc6 Rd6 40. Qc7+ Kh6 41. Qc8 Qd4 42. Qf8+ Kh5 43. Qf7+ Kh6 44. Qf8+ Kg6 45. Qe8+ Kg5 46. Qg8+ Rg6 47. Qxh7 Qxb4 48. f4+ Kf5 49. g4+ Kf6 50. g5+ Kf5 51. Qf7+ Kg4 52. Qxg6 Qd4+ 53. Rf2 Qe3 54. Qc2 Kg3 55. Qd1 Qxf2+ 56. Kh1 Qh2# 0-1